| 000 | 00468nam a22001817a 4500 | ||
|---|---|---|---|
| 003 | CEME | ||
| 005 | 20210628202913.0 | ||
| 008 | 210119b xxu||||| |||| 00| 0 eng d | ||
| 020 | _a1-886693-74-9 | ||
| 040 | _cceme | ||
| 082 | _a362.1 MEE | ||
| 100 |
_aMeeks, Linda, Heit, Philip _962238 |
||
| 245 | _aTotally awesome health, course 2 | ||
| 260 |
_aUSA _bEVERYDAY LEARNING CORPORATION _c1999 |
||
| 300 | _aXXV,544 P | ||
| 650 |
_aHEALTH _93553 |
||
| 942 |
_cBK _2ddc |
||
| 999 |
_c571409 _d571409 |
||